| 000 | 00881nam a2200289 i 4500 | ||
|---|---|---|---|
| 001 | 3693 | ||
| 003 | FISKH | ||
| 005 | 20240411144428.0 | ||
| 008 | 760725s1975 nyua j 000 1 eng | ||
| 010 | _a 75015463 | ||
| 020 | _a0590074393 : | ||
| 040 |
_aDLC _cDLC _dDLC _beng |
||
| 042 | _alcac | ||
| 050 | 0 | 0 |
_aPZ7.B7633 _bCm |
| 082 | 0 | 0 | _a[E] |
| 100 | 1 | _aBridwell, Norman. | |
| 245 | 1 | 0 |
_aClifford's good deeds / _cstory and pictures by Norman Bridwell. |
| 260 |
_aNew York : _bScholastic, _c1975. |
||
| 300 |
_a32 unnumbered pages : _bcolor illustrations ; _c21 cm |
||
| 520 | _aClifford, a very big dog who always overdoes his good deeds, finds something to do that is his size. | ||
| 521 | 8 |
_a410
_bLexile |
|
| 521 | 8 |
_aG
_bRaz-Plus |
|
| 650 | 1 |
_aDogs _xFiction. |
|
| 906 |
_a7 _bcbc _corignew _d2 _eocip _f19 _gy-gencatlg |
||
| 942 |
_2ddc _cBK _n0 |
||
| 999 |
_c3693 _d3693 |
||